|
|
|
|
| LEADER |
00000nas a2200000 a 4500 |
| 001 |
ssj0001454156 |
| 003 |
WaSeSS |
| 005 |
20200512172242.0 |
| 006 |
m d |
| 007 |
cr n |
| 008 |
101006c20119999nyuqr p s | a0eng |
| 010 |
|
|
|a 2010208031
|
| 022 |
|
|
|y 2157-6270
|
| 035 |
|
|
|a (WaSeSS)ssj0001454156
|
| 037 |
|
|
|b Nova Science Publishers,Inc., 400 Oser Ave., Suite 1600, Hauppauge, NY 11788-3619
|c $715.00 (per yr.)
|
| 040 |
|
|
|a DLC
|b eng
|c DLC
|d DLC
|d OCLCF
|d OCLCO
|d AU@
|d OCL
|d OCLCO
|d OCL
|d WaSeSS
|
| 042 |
|
|
|a pcc
|a nsdp
|
| 043 |
|
|
|a az-----
|a as-----
|a ac-----
|
| 050 |
0 |
0 |
|a DS341
|b .C89
|
| 082 |
1 |
0 |
|a 954
|2 14
|
| 210 |
0 |
|
|a Curr. polit. econ. South Southeast. Cent. Asia
|
| 222 |
|
0 |
|a Current politics and economics of South, Southeastern, and Central Asia
|
| 245 |
0 |
0 |
|a Current politics and economics of South, Southeastern, and Central Asia
|h [electronic resource].
|
| 260 |
|
|
|a Hauppage, N.Y. :
|b Nova Science Publishers, Inc.
|
| 310 |
|
|
|a Quarterly
|
| 362 |
1 |
|
|a Began with v. 20, issue 1 (2011).
|
| 506 |
|
|
|a License restrictions may limit access.
|
| 515 |
|
|
|a Numbering began with v. 20, issue 1, synchronized with current numbering of Current politics and economics of Asia.
|
| 588 |
|
|
|a Description based on: Vol. 20, issue 1 (2011); title from cover.
|
| 588 |
|
|
|a Latest issue consulted: Vol. 20, issue 2 (2011).
|
| 648 |
|
7 |
|a 2000-2099
|2 fast
|
| 650 |
|
7 |
|a Economic policy.
|2 fast
|0 (OCoLC)fst00902025
|
| 650 |
|
7 |
|a Politics and government
|2 fast
|0 (OCoLC)fst01919741
|
| 651 |
|
0 |
|a South Asia
|x Politics and government
|y 21st century
|v Periodicals.
|
| 651 |
|
0 |
|a Southeast Asia
|x Politics and government
|y 21st century
|v Periodicals.
|
| 651 |
|
0 |
|a Asia, Central
|x Politics and government
|y 21st century
|v Periodicals.
|
| 651 |
|
0 |
|a South Asia
|x Economic policy
|v Periodicals.
|
| 651 |
|
0 |
|a Southeast Asia
|x Economic policy
|v Periodicals.
|
| 651 |
|
0 |
|a Asia, Central
|x Economic policy
|v Periodicals.
|
| 651 |
|
7 |
|a Central Asia.
|2 fast
|0 (OCoLC)fst01240497
|
| 651 |
|
7 |
|a South Asia.
|2 fast
|0 (OCoLC)fst01244520
|
| 651 |
|
7 |
|a Southeast Asia.
|2 fast
|0 (OCoLC)fst01240499
|
| 655 |
|
0 |
|a Electronic journals.
|
| 850 |
|
|
|a DLC
|
| 856 |
4 |
0 |
|z Full text available from Research Library: 01/01/2011 to present
|u https://search.proquest.com/publication/2034881
|